Song Title Missing Words Click Quiz - Statistics

General Stats
  • This quiz has been taken 111 times
  • The average score is 24 of 30
Answer Stats
Hint Answer % Correct
Rolling in the ______ (Adele) Deep
97%
______ It Off (Taylor Swift) Shake
97%
Go Your Own ______ (Fleetwood Mac) Way
97%
What A ______ World (Louis Armstrong) Wonderful
97%
Uptown ______ (Billy Joel) Girl
95%
______ of You (Ed Sheeran) Shape
95%
Don't ______ Me Now (Queen) Stop
95%
______ Romance (Lady Gaga) Bad
94%
Here Comes the ______ (The Beatles) Sun
94%
______ Balls of Fire (Jerry Lee Lewis) Great
93%
Highway to ______ (AC/DC) Hell
92%
______ in the Mirror (Michael Jackson) Man
92%
Isn't She ______ (Stevie Wonder) Lovely
88%
Be My ______ (The Ronettes) Baby
87%
Tears in ______ (Eric Clapton) Heaven
87%
We Are ______ (Sister Sledge) Family
85%
Smoke on the ______ (Deep Purple) Water
85%
Love ______ (The B-52's) Shack
84%
Where Is the ______? (The Black Eyed Peas) Love
78%
Wouldn't It Be ______ (The Beach Boys) Nice
76%
Don't Be ______ (Elvis Presley) Cruel
74%
Lay ______ Lay (Bob Dylan)
Lady
74%
Mr. Blue ______ (Electric Light Orchestra) Sky
73%
______ and Vision (David Bowie) Sound
72%
Sunny ______ (The Kinks) Afternoon
69%
Walking on the ______ (The Police) Moon
67%
The Logical ______ (Supertramp) Song
56%
The Closest Thing to ______ (Katie Melua) Crazy
44%
I Can Sing a ______ (Peggy Lee) Rainbow
41%
Rockaway ______ (Ramones) Beach
40%
No matching quizzes found
Score Distribution
Percent of People with Each Score
Percentile by Number Answered
Your Score History
You have not taken this quiz